| 000 | 00936cam a22003133a 4500 | ||
|---|---|---|---|
| 001 | 33784 | ||
| 003 | PGUSA | ||
| 005 | 20140828083730.0 | ||
| 008 | 100920s2010||||xxu|||||s|||||000 1 eng d | ||
| 040 |
_aPGUSA _beng |
||
| 042 | _adc | ||
| 050 | 4 | _aPR | |
| 100 | 1 |
_aRadcliffe, Ann Ward, _d1764-1823 |
|
| 245 | 1 | 0 |
_aI misteri del castello d'Udolfo, vol. 4 _h[electronic resource] / _cAnn Ward Radcliffe |
| 260 |
_bProject Gutenberg, _c2010 |
||
| 506 | _aPublic domain in the USA. | ||
| 516 | _aElectronic text | ||
| 653 | _aInheritance and succession -- Fiction | ||
| 653 | _aOrphans -- Fiction | ||
| 653 | _aItaly -- Fiction | ||
| 653 | _aGuardian and ward -- Fiction | ||
| 653 | _aHorror tales | ||
| 653 | _aCastles -- Fiction | ||
| 653 | _aYoung women -- Fiction | ||
| 653 | _aGothic fiction (Literary genre) | ||
| 830 | 0 |
_aProject Gutenberg _v33784 |
|
| 856 | 4 | 0 | _uhttp://www.gutenberg.org/ebooks/33784 |
| 942 | _cEB | ||
| 999 |
_c263039 _d263039 |
||